| 000 | 00563 a2200169 4500 | ||
|---|---|---|---|
| 020 | _a1861971184 (hardcover) | ||
| 020 | _a9781861971180 (hardcover) | ||
| 090 |
_c4740 _d4740 |
||
| 100 | 1 | _aBANNOCK, WILLIAM MANSER GRAHAM. | |
| 245 | 1 | 0 |
_aInternational directory of finance / _cWILLIAM MANSER GRAHAM BANNOCK. |
| 250 | _a3Rev Ed ed. | ||
| 260 |
_a[S.l.] : _bECONOMIST BOOKS, _c1999. |
||
| 300 |
_a289 p. ; _c22 cm. |
||
| 500 | _aImport. | ||
| 856 | 4 | 0 |
_3Amazon.com _uhttp://www.amazon.com/exec/obidos/ASIN/1861971184/chopaconline-20 |
| 942 |
_aNBS _cBK _k332.03 BAN |
||
| 999 |
_c347172 _d347172 |
||